ბათუმის შოთა რუსთაველის სახელმწიფო უნივერსიტეტის ბიბლიოთეკა

იქ სადაც ცხოვრობდნენ ადამ და ევა : (ბიბ.ჩანაწერი № 59196)

000 -ლიდერი
ფიქსირებული სიგრძის საკონტროლო ველი 01067nam a22001817a 4500
003 - საკონტროლო ნომრის იდენტიფიკატორი
საკონტროლო ველი Ge_BSU
005 - ბოლო ოპერაციის თარიღი და დრო
საკონტროლო ველი 20221213123037.0
008 - ფიქსირებული სიგრძის მონაცემთა ელემენტები - ზოგადი ინფორმაცია
ფიქსირებული სიგრძის საკონტროლო ველი 221213s1980ge xxu||||| |||| 00| 0 geo d
041 ## - ენის კოდი
Language code of text/sound track or separate title geo
080 ## - უნივერსალური ათობითი კლასიფიკაციის ინდექსი
Universal Decimal Classification number 821.353.1-94 ფ-25
100 ## - მთავარი ჩანაწერი - პიროვნების სახელი
Personal name ფანჯიკიძე, გურამ, ავტ.
9 (RLIN) 16118
245 ## - ცნობა სათაურის შესახებ
Title იქ სადაც ცხოვრობდნენ ადამ და ევა :
Remainder of title [მოგზაურობის შთაბეჭდილებიდან ; ლიტერატურული ექსკურსიები ; დრო და პრობლემები] /
Statement of responsibility, etc გურამ ფანჯიკიძე, რედ. რ. ორჯონიკიძე
264 ## - წარმოების, გამოცემის, დისტრიბუციის და სხვა ცნობები
გამოცემის, წარმოების, დისტრიბუციის... ადგილი თბილისი :
გამოცემის, წარმოების, დისტრიბუციის... სახელწოდება საბჭ. საქართველო,
გამოცემის, წარმოების, დისტრიბუციის... თარიღი 1980.
300 ## - ფიზიკური აღწერა
Extent 518 გვ. ;
Other physical details 20 სმ.
653 ## - INDEX TERM--UNCONTROLLED
Uncontrolled term მოგზაურობა საზღვარგარეთის ქვეყნებში.
700 ## - ADDED ENTRY--PERSONAL NAME
Personal name ორჯონიკიძე, რ
Relator term რედაქტორი
9 (RLIN) 16381
942 ## - ADDED ENTRY ELEMENTS (KOHA)
Source of classification or shelving scheme
Koha item type წიგნი
ეგზემპლარები
ჩამოწერის სტატუსი დაკარგული ეგზემპლარის სტატუსი კლასიფიკაციის წყარო ან თაროზე გაწყობის სქემა დაზიანების სტატუსი არ გაიცემა მუდმივი მდებარეობა (დაცვის ადგილი) ამჟამინდელი ადგილსამყოფელი თაროზე განთავსების ადგილი შეძენის თარიღი ღირებულება, შესყიდვის ნორმალური ფასი სრული შენახვის შიფრი შტრიხკოდი ბოლო ოპერაციის თარიღი ეგზემპლარის მიმდევრობითი ნომერი (კეტერი?) ფასის ძალაში შესვლის თარიღი ეგზემპლარის სახეობა საჯარო შენიშვნა
          ბათუმის შოთა რუსთაველის სახელმწიფო უნივერსიტეტის მთავარი ბიბლიოთეკა ბათუმის შოთა რუსთაველის სახელმწიფო უნივერსიტეტის მთავარი ბიბლიოთეკა წიგნსაცავი 2022-12-13 8.00 821.353.1-94 ფ-25 63283 2022-12-13 63283 2022-12-13 წიგნი 8.00